| 000 | 00738nam a22002297a 4500 | ||
|---|---|---|---|
| 001 | 47135 | ||
| 003 | BD-RjUL | ||
| 005 | 20211209054250.0 | ||
| 008 | 160807s2007 bg a|||| b||| 00| 0 eng d | ||
| 020 |
_a: 9848090355 _c: TK. 120.00 |
||
| 035 | _a(BD-RjUL)47254 | ||
| 040 |
_aBD-RjUL _beng _cBD-RjUL _dBD-RjUL |
||
| 041 | _aeng | ||
| 082 |
_223 _a338.47 _bHAE 2007 |
||
| 100 |
_aHakim, Sheikh Serajul _9143530 |
||
| 245 |
_aEcotourism & The Sundarbans : _bAlternative Policies for Development / _cSheikh Serajul Hakim |
||
| 260 |
_aBangladesh : _bUnversity Grants Commission, _c2007, |
||
| 300 |
_a[18], 101 p. : _bill ; _c24 cm. |
||
| 504 | _aBibliography | ||
| 650 |
_aproduction _vService and Specific Products _9143531 |
||
| 942 |
_2ddc _cBK |
||
| 999 |
_c47135 _d47135 |
||